<?xml version="1.0" encoding="UTF-8"?>
<record
    xmlns:xsi="http://www.w3.org/2001/XMLSchema-instance"
    xsi:schemaLocation="http://www.loc.gov/MARC21/slim http://www.loc.gov/standards/marcxml/schema/MARC21slim.xsd"
    xmlns="http://www.loc.gov/MARC21/slim">

  <leader>00815nam a22002537a 4500</leader>
  <controlfield tag="005">20170123162328.0</controlfield>
  <datafield tag="010" ind1=" " ind2=" ">
    <subfield code="a">806637</subfield>
  </datafield>
  <datafield tag="020" ind1=" " ind2=" ">
    <subfield code="c">12.00</subfield>
  </datafield>
  <datafield tag="035" ind1=" " ind2=" ">
    <subfield code="a">806637</subfield>
  </datafield>
  <datafield tag="037" ind1=" " ind2=" ">
    <subfield code="b">Cen Lib/Ret</subfield>
  </datafield>
  <datafield tag="040" ind1=" " ind2=" ">
    <subfield code="a">DPL</subfield>
    <subfield code="b">UR</subfield>
  </datafield>
  <datafield tag="082" ind1=" " ind2=" ">
    <subfield code="a">841</subfield>
    <subfield code="b">&#x627; &#x635; &#x63A;</subfield>
  </datafield>
  <datafield tag="245" ind1=" " ind2=" ">
    <subfield code="a">&#x6A9;&#x644;&#x6CC;&#x627;&#x62A; &#x627;&#x635;&#x63A;&#x631; &#x6AF;&#x648;&#x646;&#x688;&#x648;&#x6CC; /</subfield>
    <subfield code="c">&#x645;&#x631;&#x62A;&#x628; &#x633;&#x627;&#x62C;&#x62F; &#x635;&#x62F;&#x6CC;&#x642;&#x6CC; &#x644;&#x6A9;&#x6BE;&#x646;&#x648;&#x6CC;  </subfield>
  </datafield>
  <datafield tag="246" ind1=" " ind2=" ">
    <subfield code="a">Kuliyat-e-Asghar Gondavi /</subfield>
    <subfield code="b">edited by Sajid Sidiqui Lucknowi</subfield>
  </datafield>
  <datafield tag="260" ind1=" " ind2=" ">
    <subfield code="a">&#x644;&#x6A9;&#x6BE;&#x646;&#x624;</subfield>
    <subfield code="b">&#x634;&#x641;&#x627;&#x639;&#x62A; &#x628;&#x6A9; &#x688;&#x67E;&#x648; </subfield>
    <subfield code="c">[s.n.]</subfield>
  </datafield>
  <datafield tag="270" ind1=" " ind2=" ">
    <subfield code="b">&#x644;&#x6A9;&#x6BE;&#x646;&#x624;</subfield>
  </datafield>
  <datafield tag="300" ind1=" " ind2=" ">
    <subfield code="a">204p.</subfield>
    <subfield code="c">17cm(Hb)</subfield>
  </datafield>
  <datafield tag="650" ind1=" " ind2=" ">
    <subfield code="a"> &#x627;&#x62F;&#x628; - &#x627;&#x631;&#x62F;&#x648;</subfield>
    <subfield code="9">120307</subfield>
  </datafield>
  <datafield tag="650" ind1=" " ind2=" ">
    <subfield code="a"> &#x627;&#x631;&#x62F;&#x648; &#x634;&#x627;&#x639;&#x631;&#x6CC;</subfield>
    <subfield code="9">120308</subfield>
  </datafield>
  <datafield tag="650" ind1=" " ind2=" ">
    <subfield code="a">Literature -- Urdu </subfield>
    <subfield code="9">120309</subfield>
  </datafield>
  <datafield tag="650" ind1=" " ind2=" ">
    <subfield code="a">Urdu poetry </subfield>
    <subfield code="9">120310</subfield>
  </datafield>
  <datafield tag="700" ind1=" " ind2=" ">
    <subfield code="a"> &#x633;&#x627;&#x62C;&#x62F; &#x635;&#x62F;&#x6CC;&#x642;&#x6CC; &#x644;&#x6A9;&#x6BE;&#x646;&#x648;&#x6CC;</subfield>
    <subfield code="9">117788</subfield>
  </datafield>
  <datafield tag="942" ind1=" " ind2=" ">
    <subfield code="2">ddc</subfield>
    <subfield code="c">UR</subfield>
    <subfield code="h">841</subfield>
    <subfield code="m">&#x627; &#x635; &#x63A;</subfield>
  </datafield>
  <datafield tag="999" ind1=" " ind2=" ">
    <subfield code="c">107599</subfield>
    <subfield code="d">107599</subfield>
  </datafield>
  <datafield tag="952" ind1=" " ind2=" ">
    <subfield code="0">0</subfield>
    <subfield code="1">0</subfield>
    <subfield code="4">0</subfield>
    <subfield code="7">0</subfield>
    <subfield code="a">L</subfield>
    <subfield code="b">L</subfield>
    <subfield code="d">2016-01-09</subfield>
    <subfield code="e">Cen Lib/Ret</subfield>
    <subfield code="g">12.00</subfield>
    <subfield code="l">0</subfield>
    <subfield code="o">841 &#x627; &#x635; &#x63A;</subfield>
    <subfield code="p">806637</subfield>
    <subfield code="r">2016-01-09 00:00:00</subfield>
    <subfield code="t">1</subfield>
    <subfield code="v">12.00</subfield>
    <subfield code="w">2016-01-09</subfield>
    <subfield code="y">UR</subfield>
  </datafield>
</record>
